| 000 | 00964nam a2200313 i 4500 | ||
|---|---|---|---|
| 003 | EG-GICUC | ||
| 005 | 20260419010706.0 | ||
| 008 | 260313s1974 -cn |||fr|||| 00| 0 eng d | ||
| 040 |
_aEG-GiCUC _beng _cEG-GiCUC _dEG-GiCUC _erda |
||
| 082 | 0 | 4 |
_221 _a343.6 _bDE . S |
| 092 | 0 | 4 | _221 |
| 099 | _aLaw1 10 343.6 DE . S 1974 | ||
| 100 | 1 |
_aDenfeld, Duane _eAuthor. |
|
| 245 | 1 | 0 |
_aStreet-wise Criminology / _cDuane Denfeld. |
| 264 | 1 |
_aCambridge : _bSchenkman Publishing Company, _c1974. |
|
| 264 | 3 |
_aAmerica : _bthe United States, |
|
| 300 |
_a399 pages ; _c24 cm. |
||
| 336 |
_2rda content _atext |
||
| 337 |
_2rda media _aComputer |
||
| 338 |
_2rda carrier _aOnline Resource |
||
| 504 | _aBibliography: pages 391-393. | ||
| 546 | _aText in English | ||
| 650 | 1 |
_aCriminology _2qrmak |
|
| 650 | 1 |
_aCriminal Law _2qrmak |
|
| 651 | 1 | _2qrmak | |
| 856 | 4 | 0 | _uhttps://fll.law.cu.edu.eg/fulltext/bks/B10-08223.pdf |
| 905 |
_a54 _eYara |
||
| 942 |
_2ddc _cBK _e21 _n0 |
||
| 999 |
_c66297 _d66297 |
||